| 000 | 01945cam a22004094a 4500 | ||
|---|---|---|---|
| 001 | 17004059 | ||
| 003 | OSt | ||
| 005 | 20150408114152.0 | ||
| 008 | 111018s2012 nyua b 001 0 eng | ||
| 010 | _a 2011038321 | ||
| 020 | _a9781621007869 (softcover) | ||
| 020 | _a1621007863 (softcover) | ||
| 035 | _a(OCoLC)ocn752071757 | ||
| 040 |
_aDLC _beng _cDLC _dYDX _dBTCTA _dYDXCP _dDLC |
||
| 042 | _apcc | ||
| 043 | _ae------ | ||
| 050 | 0 | 0 |
_aRA566.27 _b.C437 2012 |
| 082 | 0 | 0 |
_a363.17094 _223 _bCRH |
| 245 | 0 | 0 |
_aChemical regulation in the EU : _bintroduction and comparisons / _cShannon M. McDonnery and Cindy L. Elroy, editors. |
| 260 |
_aNew York : _bNova Science Publishers, _cc2012. |
||
| 300 |
_aviii, 63 p. : _bill. ; _c23 cm. |
||
| 490 | 0 | _aChemical engineering methods and technology | |
| 490 | 0 | _aEnvironmental health physical, chemical and biological factors | |
| 504 | _aIncludes bibliographical references and index. | ||
| 505 | 0 | _aChemical regulation in the European Union : registration, evaluation, and authorization of chemicals / Linda-Jo Schierow -- Chemical regulation : comparison of U.S. and recently enacted European Union approaches to protect against the risks of toxic chemicals / GAO. | |
| 610 | 2 | 2 |
_aREACH (System) _939986 |
| 650 | 0 |
_aHealth risk assessment _zEuropean Union countries. _939987 |
|
| 650 | 0 |
_aHazardous substances _xRisk assessment _zEuropean Union countries. _939988 |
|
| 650 | 0 |
_aChemical industry _xLaw and legislation _zEuropean Union countries. _939989 |
|
| 700 | 1 |
_aMcDonnery, Shannon M. _939990 |
|
| 700 | 1 |
_aElroy, Cindy L. _939991 |
|
| 700 | 1 | 2 |
_aSchierow, Linda-Jo. _tChemical regulation in the European Union. _939992 |
| 710 | 1 | 2 |
_aUnited States. _bGeneral Accounting Office. _tChemical regulation. _939993 |
| 906 |
_a7 _bcbc _corignew _d1 _eecip _f20 _gy-gencatlg |
||
| 942 |
_2ddc _cDVD |
||
| 999 |
_c32145 _d266645 |
||